Actors Who Have Portrayed the President of the USA - Statistics

General Stats
  • This quiz has been taken 44 times
  • The average score is 12 of 20
Answer Stats
Picture Hint Answer % Correct
Air Force One Harrison Ford
100%
Lincoln Daniel Day Lewis
88%
Mars Attacks Jack Nicholson
83%
Don't Look Up Meryl Streep
83%
White House Down Jamie Foxx
81%
Nixon Anthony Hopkins
79%
The West Wing (TV) Martin Sheen
74%
Independence Day Bill Pullman
71%
VEEP (TV) Julia Louis-Dreyfus
64%
Fail Safe Henry Fonda
57%
Oppenheimer Gary Oldman
55%
W. Josh Brolin
55%
Dr. Strangelove (Or How I Learned to Stop Worrying and Love the Bomb) Peter Sellers
52%
The West Wing (TV) Jimmy Smits
50%
Jefferson In Paris Nick Nolte
45%
LBJ Woody Harrelson
45%
Frost/Nixon Frank Langella
38%
The Comey Rule (TV) Brendan Gleeson
26%
Amistad Nigel Hawthorne
24%
Thirteen Days Bruce Greenwood
14%
No matching quizzes found
Score Distribution
Percent of People with Each Score
Percentile by Number Answered
Your Score History
You have not taken this quiz